Gulf War veterans : measuring health /

Bibliographic Details
Corporate Author: Institute of Medicine (U.S.). Committee on Measuring the Health of Gulf War Veterans
Other Authors: Hernandez, Lyla M.
Format: Book
Language:English
Published: Washington, D.C. : National Academy Press, 1999.
Series:Compass series (Washington, D.C.)
Subjects:

MARC

Tag First Indicator Second Indicator Subfields
LEADER 00000cam a22000004a 4500
001 in00004493464
005 20191203081959.0
008 000403s1999 dcua b 000 0 eng d
010 |a  00507314  
016 7 |a 100941513  |2 DNLM 
019 |a 42592589 
020 |a 0309065801 
035 |a (OCoLC)ocm42596895 
035 |z (UtOrBLW)30167 
035 |a 45010 
040 |a OUN  |c DLC  |d OUN  |d VET  |d NLM  |d UtOrBLW 
042 |a lccopycat 
043 |a ap-----  |a a-iq---  |a n-us--- 
049 |a TMVM  |c 1 
050 0 0 |a DS79.744.M44  |b G85 1999 
060 0 0 |a 2000 G-305 
060 1 0 |a UB 369  |b G9718 1999 
245 0 0 |a Gulf War veterans :  |b measuring health /  |c Lyla M. Hernandez [and others], editors ; Committee on Measuring the Health of Gulf War Veterans, Division of Health Promotion and Disease Prevention, Institute of Medicine. 
264 1 |a Washington, D.C. :  |b National Academy Press,  |c 1999. 
300 |a x, 126 pages :  |b illustrations ;  |c 23 cm. 
336 |a text  |2 rdacontent  |b txt 
337 |a unmediated  |2 rdamedia 
338 |a volume  |2 rdacarrier  |b nc 
490 1 |a Compass series 
500 |a "Support for this study was provided by the Departments of Defense (Contract Number DASW01-98-K-0002) and Veterans Affairs (Contract Number V101[93]P-1580)"--Title page verso. 
504 |a Includes bibliographical references. 
505 0 |a Studies of the health of Gulf War veterans -- Measuring health -- The Gulf War veterans health research portfolio -- Gulf War veterans health study 
650 2 |a Persian Gulf Syndrome. 
650 2 |a Health Status. 
650 2 |a Veterans. 
651 2 |a United States. 
700 1 |a Hernandez, Lyla M. 
710 2 |a Institute of Medicine (U.S.).  |b Committee on Measuring the Health of Gulf War Veterans. 
830 0 |a Compass series (Washington, D.C.) 
999 |a MARS 
999 f f |s c1cd8557-abe9-3869-a2fe-353de0f36b4c  |i c770c11c-a382-36c9-9e16-90fcaf58304a  |t 0 
952 f f |p ric  |a Texas A&M University  |b Rellis Campus  |c Joint Library Facility  |d Remote Storage  |t 0  |e UB 369 G9718 1999  |h National Library of Medicine classification  |i unmediated -- volume  |m 323890168674E 
998 f f |a UB 369 G9718 1999  |t 0  |l Remote Storage